000 00362 a2200145 4500
005 20260129170924.0
020 _a978-9354601125
040 _bENG
082 _a 621.382.01 NEA
100 _aNeamen , Donald A.
245 _aSemiconductor Physics And Devices: Basic Principles
250 _a4th ed
260 _bTechniz Books International
_c2021
942 _cBK
999 _c5564
_d5559